000 00230nam a22000857a 4500
008 160916b xxu||||| |||| 00| 0 eng d
100 _9584
_aSelly.V.K.etal.
245 _aScience for Class
260 _aNew Delhi
_bG.B.P. Publications
_c2011
999 _c3240
_d3240